Normal view MARC view

Entry Personal Name

Number of records used in: 1

001 - CONTROL NUMBER

  • control field: 1544

003 - CONTROL NUMBER IDENTIFIER

  • control field: csc

005 - DATE AND TIME OF LATEST TRANSACTION

  • control field: 20140507162057.0

008 - FIXED-LENGTH DATA ELEMENTS

  • fixed length control field: 130724|| aca||aabn | a|a d

040 ## - CATALOGING SOURCE

  • Original cataloging agency: csc
  • Transcribing agency: csc

100 ## - HEADING--PERSONAL NAME

  • Personal name: Wright, Gary R.

670 ## - SOURCE DATA FOUND

  • Source citation: Work cat.: (csc)302: Wright, Gary R., TCP/IP illustrated. Vol. 2, The implementation /, 1995